Comdex : computer and financial accounting with tally 9.0 course kit (Record no. 210928)

MARC details
000 -LEADER
fixed length control field 00478nam a2200157Ia 4500
008 - FIXED-LENGTH DATA ELEMENTS--GENERAL INFORMATION
fixed length control field 231221s9999 xx 000 0 und d
020 ## - INTERNATIONAL STANDARD BOOK NUMBER
International Standard Book Number 9790000000000
041 ## - LANGUAGE CODE
Language code of text/sound track or separate title English
100 ## - MAIN ENTRY--PERSONAL NAME
Personal name Gupta, Viksa. Kogent solutions inc.
245 #0 - TITLE STATEMENT
Title Comdex : computer and financial accounting with tally 9.0 course kit
260 ## - PUBLICATION, DISTRIBUTION, ETC.
Date of publication, distribution, etc. 2008
Name of publisher, distributor, etc. Dreamtech Press
Place of publication, distribution, etc. New Delhi
300 ## - PHYSICAL DESCRIPTION
Extent xvi,768
300 ## - PHYSICAL DESCRIPTION
Dimensions 58964
650 ## - SUBJECT ADDED ENTRY--TOPICAL TERM
Topical term or geographic name entry element Comdex,computer,financial,accounting,tally,9.0
942 ## - ADDED ENTRY ELEMENTS (KOHA)
Koha item type Compact Disks
Holdings
Date last seen Total checkouts Accession number Price effective from Category Lost status Damaged status Department Withdrawn status Home library Current library Shelving location Entry date Vendor Grants Billnumber Billdate Currency symbol Conversion rate Discount Old discount
26/01/2024   CD4555 26/01/2024 Compact Disks     Central Library   Central Library Central Library Central Library   Surya Infotainment Products Pvt. Ltd. MBA 0910/1987 05/05/2014 RS 1    

© For any Suggestions or Query, please contact the library staff @ librarian@pes.edu or Phone: +9180 2672 1983/ 2108.